[Event "Bosnjaci op 22nd"]
[Site "Bosnjaci"]
[Date "2017.01.06"]
[Round "6"]
[White "Obad, Damir"]
[Black "Berke, Ana"]
[Result "0-1"]
[WhiteElo "1931"]
[BlackElo "2195"]
[PlyCount "84"]
[EventDate "2017.01.03"]
[EventType "swiss"]
[EventRounds "9"]
[EventCountry "CRO"]
[SourceTitle "CBM 176 Extra"]
[Source "ChessBase"]
[SourceDate "2017.03.02"]
[SourceVersion "1"]
[SourceVersionDate "2017.03.02"]
[SourceQuality "1"]

1. e4 c5 2. Nf3 d6 3. Bb5+ Nd7 4. 0-0 a6 5. Bxd7+ Bxd7 6. d4 cxd4 7. Nxd4 Nf6 8. Re1 g6 9. Nc3 Bg7 10. Nd5 0-0 11. Nxf6+ Bxf6 12. Be3 Rc8 13. c3 b5 14. a3 Rc4 15. Qd3 Qc7 16. Rad1 a5 17. Nc2 Rb8 18. Bd4 Bxd4 19. Nxd4 b4 20. axb4 axb4 21. e5 dxe5 22. Rxe5 bxc3 23. bxc3 Rxc3 24. Qe2 Rc1 25. Nf3 Rbb1 26. Rxc1 Qxc1+ 27. Ne1 Bb5 28. Qe4 Bc6 29. Qe2 Bb5 30. Qe4 Bc6 31. Qe2 e6 32. h4 h5 33. Re3 Bb7 34. Kh2 Qc6 35. Rg3 Qc7 36. Nf3 Qf4 37. Qe5 Qc1 38. Rh3 Bd5 39. Kg3 Bxf3 40. Kxf3 Rb3+ 41. Ke4 f5+ 42. Kd4 Qb2+ 0-1

[Event "Velika Gorica op 7th"]
[Site "Velika Gorica"]
[Date "2007.08.19"]
[Round "2"]
[White "Sribar, Peter"]
[Black "Obad, Damir"]
[Result "1-0"]
[WhiteElo "2228"]
[BlackElo "1848"]
[PlyCount "43"]
[EventDate "2007.08.18"]
[EventType "swiss"]
[EventRounds "9"]
[EventCountry "CRO"]
[SourceTitle "CBM 120 Extra"]
[Source "ChessBase"]
[SourceDate "2007.11.01"]
[SourceVersion "1"]
[SourceVersionDate "2007.11.01"]
[SourceQuality "1"]

1. b3 d5 2. Bb2 Nf6 3. Nf3 c6 4. g3 g6 5. Bg2 Bg7 6. 0-0 0-0 7. c4 dxc4 8. bxc4 Nbd7 9. d4 Qb6 10. Qb3 Ne4 11. Nc3 Nxc3 12. Bxc3 c5 13. Rfd1 Re8 14. Rac1 Qe6 15. d5 Qxe2 16. Bxg7 Qe4 17. Ba1 Nb6 18. Re1 Qf5 19. Re5 Qd7 20. Rce1 Qd6 21. Nd2 f5 22. Qc3 1-0

[Event "Velika Gorica op 7th"]
[Site "Velika Gorica"]
[Date "2007.08.18"]
[Round "1"]
[White "Obad, Damir"]
[Black "Margitic, Zdravko"]
[Result "1/2-1/2"]
[WhiteElo "1848"]
[BlackElo "2178"]
[PlyCount "79"]
[EventDate "2007.08.18"]
[EventType "swiss"]
[EventRounds "9"]
[EventCountry "CRO"]
[SourceTitle "CBM 120 Extra"]
[Source "ChessBase"]
[SourceDate "2007.11.01"]
[SourceVersion "1"]
[SourceVersionDate "2007.11.01"]
[SourceQuality "1"]

1. e4 e5 2. Nf3 Nc6 3. Bb5 a6 4. Ba4 Bc5 5. 0-0 d6 6. h3 Nge7 7. c3 0-0 8. d3 Ng6 9. b4 Ba7 10. Bb3 h6 11. a4 Qf6 12. Na3 Nf4 13. Bxf4 Qxf4 14. Qd2 Qf6 15. Kh2 Ne7 16. Nc2 Ng6 17. Ne3 c6 18. Ng1 Be6 19. Bd1 d5 20. exd5 cxd5 21. Ng4 Qe7 22. d4 exd4 23. cxd4 Qd6+ 24. f4 Rac8 25. Be2 Bf5 26. Ne3 Be4 27. g3 Rc7 28. Bf3 Rfc8 29. Bxe4 dxe4 30. Ne2 Ne7 31. b5 Nd5 32. Rfc1 Nxe3 33. Qxe3 Bxd4 34. Nxd4 Rxc1 35. Rxc1 Rxc1 36. Qxc1 Qxd4 37. Qc8+ Kh7 38. Qf5+ Kg8 39. Qc8+ Kh7 40. Qf5+ 1/2-1/2